| Tag |
First Indicator |
Second Indicator |
Subfields |
| LEADER |
00000cam a2200000 a 4500 |
| 001 |
in00000103470 |
| 005 |
20150929180428.0 |
| 008 |
750730s1970 nyuaf 00110bengm |
| 010 |
|
|
|a 75320305
|
| 020 |
|
|
|a 0064300668
|
| 035 |
|
|
|a (OCoLC)01827409
|
| 035 |
|
|
|9 AAN2693AM
|
| 040 |
|
|
|a DLC
|c DLC
|d m.c.
|d TXA
|d UtOrBLW
|
| 049 |
|
|
|a TXAM
|c [1633617]
|
| 050 |
1 |
0 |
|a ND653 V5
|b G6 1970b
|
| 082 |
0 |
|
|a 759.9492
|
| 100 |
1 |
|
|a Gowing, Lawrence.
|
| 245 |
1 |
0 |
|a Vermeer /
|c by Lawrence Gowing.
|
| 250 |
|
|
|a New ed.
|
| 264 |
|
1 |
|a New York :
|b Harper & Row,
|c [1970]
|
| 264 |
|
4 |
|c ©1970
|
| 300 |
|
|
|a 160 pages, 80 unnumbered pages of plates :
|b illustrations ;
|c 23 cm.
|
| 336 |
|
|
|a text
|b txt
|2 rdacontent
|
| 337 |
|
|
|a unmediated
|b n
|2 rdamedia
|
| 338 |
|
|
|a volume
|b nc
|2 rdacarrier
|
| 490 |
0 |
|
|a Icon editions ;
|v IN-66
|
| 500 |
|
|
|a Includes index.
|
| 600 |
1 |
0 |
|a Vermeer, Johannes,
|d 1632-1675.
|
| 999 |
|
|
|a MARS
|
| 999 |
f |
f |
|s 0abc5a00-c214-3421-9aad-0e44a21d5f66
|i 63e44cea-cd95-35a3-8c93-fedc829463c0
|t 0
|
| 952 |
f |
f |
|p ric
|a Texas A&M University
|b Rellis Campus
|c Joint Library Facility
|d Remote Storage
|t 0
|e ND653 V5 G6 1970b
|h Library of Congress classification
|i unmediated -- volume
|m A14806276795
|
| 998 |
f |
f |
|a ND653 V5 G6 1970b
|t 0
|l Remote Storage
|